| 000 | 00867nam0a22002771 4500 | ||
|---|---|---|---|
| 001 | rc\3494983 | ||
| 005 | 20250610012211.0 | ||
| 021 |
_aRU _b72-98931 |
||
| 021 |
_aRU _bРг4214-73 |
||
| 035 | _a(NLR Aleph) 007609538 | ||
| 090 |
_a5802301 _c5802301 |
||
| 100 | _a20130115d1972 |||y0rusy50 ca | ||
| 101 | 1 |
_arus _crum |
|
| 102 | _aRU | ||
| 105 | _ay z |||a| | ||
| 200 | 1 |
_aТравести. (Маска) _eКомедия в 3 д. _fПер. с рум. Вл. Павлова _gОтд. распространения драм. произведений ВУОАП |
|
| 210 |
_aМосква _cБ. и. _d1972 |
||
| 215 |
_a85 л. _d29 |
||
| 517 | 0 | _aМаска | |
| 700 | 1 |
_aБаранга _bА. _f1913- _gАурел |
|
| 702 | 1 |
_aПавлов _bВл. _4730 |
|
| 801 | 0 |
_aRU _bNLR _gpsbo |
|
| 801 | 1 |
_aRU _bELAR _2rusmarc |
|
| 852 |
_aNLR _j73-8/202 |
||
| 942 | _cBOOK | ||
| 980 | _aNB | ||